000
00314nam a2200133Ia 4500
008
151001s9999||||xx |||||||||||||| ||und||
100
_a
गी द मोपासा
245
_a
बेल आमी
250
_a
1
260
_b
पुण्य
260
_c
2000
300
_a
128
365
_b
21
999
_c
978133
_d
978130